[Event "SUI-chT"]
[Site "Switzerland"]
[Date "2014.03.16"]
[Round "1.7"]
[White "Leuba, Didier"]
[Black "Gruenenwald, Joerg"]
[Result "1/2-1/2"]
[WhiteElo "2229"]
[BlackElo "2342"]
[PlyCount "27"]
[EventDate "2014.03.16"]
[EventType "team-tourn"]
[EventRounds "9"]
[EventCountry "SUI"]
[SourceTitle "EXT 2015"]
[Source "ChessBase"]
[SourceDate "2014.11.20"]
[SourceVersion "1"]
[SourceVersionDate "2014.11.20"]
[SourceQuality "1"]
[WhiteTeam "Neuchatel"]
[BlackTeam "Zuerich"]
[WhiteTeamCountry "SUI"]
[BlackTeamCountry "SUI"]

1. d4 d5 2. Nc3 Nf6 3. Bg5 Nbd7 4. Nf3 c6 5. Qd3 b5 6. a3 e6 7. e4 dxe4 8. Nxe4 Be7 9. Nxf6+ gxf6 10. Bh6 Bf8 11. Qe3 a6 12. Bxf8 Kxf8 13. Bd3 Bb7 14. 0-0 1/2-1/2

[Event "SUI-chT"]
[Site "Switzerland"]
[Date "2007.02.25"]
[Round "1.7"]
[White "Mantovani, Renzo"]
[Black "Leuba, Didier"]
[Result "1-0"]
[WhiteElo "2370"]
[BlackElo "2218"]
[PlyCount "53"]
[EventDate "2007.02.25"]
[EventType "team-tourn"]
[EventRounds "9"]
[EventCountry "SUI"]
[SourceTitle "CBM 117 Extra"]
[Source "ChessBase"]
[SourceDate "2007.05.09"]
[SourceVersion "1"]
[SourceVersionDate "2007.05.09"]
[SourceQuality "1"]
[WhiteTeam "Mendrisio"]
[BlackTeam "Biel"]
[WhiteTeamCountry "SUI"]
[BlackTeamCountry "SUI"]

1. Nf3 Nf6 2. g3 d5 3. Bg2 c6 4. d3 Bg4 5. Nbd2 Nbd7 6. h3 Bxf3 7. Nxf3 e6 8. 0-0 Be7 9. b3 0-0 10. Bb2 a5 11. a3 Qc7 12. c4 Rfd8 13. Qc2 dxc4 14. Qxc4 Nd5 15. Qc2 Bf6 16. d4 Qb6 17. e4 Nc7 18. Rad1 c5 19. e5 Be7 20. Nd2 Nb5 21. Nc4 Qa7 22. d5 exd5 23. Bxd5 Nf8 24. Qf5 Ne6 25. Bxe6 fxe6 26. Qxe6+ Kf8 27. Nb6 1-0

[Event "SUI-chT"]
[Site "Switzerland"]
[Date "2006.10.01"]
[Round "9.7"]
[White "Leuba, Didier"]
[Black "Adler, Joel Arturo Manuel"]
[Result "0-1"]
[WhiteElo "2258"]
[BlackElo "2315"]
[PlyCount "132"]
[EventDate "2006.02.26"]
[EventType "team-tourn"]
[EventRounds "9"]
[EventCountry "SUI"]
[SourceTitle "EXT 2007"]
[Source "ChessBase"]
[SourceDate "2006.11.23"]
[SourceVersion "1"]
[SourceVersionDate "2006.11.23"]
[SourceQuality "1"]
[WhiteTeam "Biel"]
[BlackTeam "Luzern"]
[WhiteTeamCountry "SUI"]
[BlackTeamCountry "SUI"]

1. d4 d6 2. Nf3 Nf6 3. Nc3 g6 4. e4 Bg7 5. h3 0-0 6. Be3 e5 7. dxe5 dxe5 8. Qxd8 Rxd8 9. Bc4 Ne8 10. Rd1 Rxd1+ 11. Kxd1 Nd6 12. Bd3 Be6 13. Nd2 Nc6 14. a3 Rd8 15. Kc1 Nd4 16. Rd1 c6 17. Ne2 c5 18. Ng1 c4 19. Bf1 b5 20. c3 Nc6 21. Ne2 Bf8 22. Kc2 Nb7 23. Nc1 Nc5 24. Be2 Nd4+ 25. cxd4 exd4 26. Bg5 d3+ 27. Kb1 dxe2 28. Nxe2 Rd7 29. Kc2 Bg7 30. Be3 Nd3 31. Nc3 a6 32. Nf3 h6 33. Ne1 Nxe1+ 34. Rxe1 f5 35. f3 Rd3 36. Bc5 fxe4 37. fxe4 Be5 38. Re2 g5 39. Bf2 Kg7 40. Rd2 Rxd2+ 41. Kxd2 Kf6 42. Kc2 Ke7 43. Ne2 Bc8 44. Bc5+ Ke6 45. Nd4+ Kf7 46. Nf3 Bg7 47. Bb4 Bb7 48. Nd2 Ke6 49. b3 cxb3+ 50. Kxb3 Bd4 51. Kc2 Bb6 52. Kd3 a5 53. Bf8 h5 54. Nf3 g4 55. hxg4 hxg4 56. Nd4+ Kf7 57. Bd6 Ba6 58. Kc3 Ke8 59. Nf5 Kd7 60. Bf8 Ke6 61. Nh6 g3 62. Nf5 Bc7 63. Bg7 Bf4 64. Bd4 Bb7 65. Kd3 b4 66. axb4 axb4 0-1

[Event "SUI-chT"]
[Site "Switzerland"]
[Date "2006.06.11"]
[Round "4.7"]
[White "Leuba, Didier"]
[Black "Pluess, Peter"]
[Result "0-1"]
[WhiteElo "2258"]
[BlackElo "2231"]
[PlyCount "76"]
[EventDate "2006.02.26"]
[EventType "team-tourn"]
[EventRounds "9"]
[EventCountry "SUI"]
[SourceTitle "EXT 2007"]
[Source "ChessBase"]
[SourceDate "2006.11.23"]
[SourceVersion "1"]
[SourceVersionDate "2006.11.23"]
[SourceQuality "1"]
[WhiteTeam "Biel"]
[BlackTeam "Bodan"]
[WhiteTeamCountry "SUI"]
[BlackTeamCountry "SUI"]

1. d4 d5 2. Nf3 c6 3. e3 g6 4. c4 Bg7 5. Nc3 Nf6 6. Be2 0-0 7. 0-0 Nbd7 8. cxd5 Nxd5 9. Nxd5 cxd5 10. Qb3 Nb6 11. a4 a5 12. Bd2 Bd7 13. Rfc1 Kh8 14. Rc5 Bxa4 15. Rxa4 Nxa4 16. Qxa4 b6 17. Rc6 Rc8 18. Ba6 Rxc6 19. Qxc6 e6 20. Ne5 Bxe5 21. dxe5 Qa8 22. Qxa8 Rxa8 23. Bd3 Kg8 24. Kf1 Kf8 25. Ke2 Rc8 26. Bc3 Ke7 27. Bd4 Rb8 28. e4 dxe4 29. Bxe4 Kd7 30. Kd3 b5 31. Ba7 Rc8 32. Bb6 a4 33. Ba5 Rc5 34. Bc3 Rc4 35. Ke3 a3 36. Bb1 b4 37. Ba2 axb2 38. Bd4 b3 0-1

[Event "EU-Cup 21st"]
[Site "Saint Vincent"]
[Date "2005.09.23"]
[Round "6.5"]
[White "Leuba, Didier"]
[Black "Dimitrijeski, Boris"]
[Result "1/2-1/2"]
[WhiteElo "2270"]
[BlackElo "2189"]
[PlyCount "23"]
[EventDate "2005.09.18"]
[EventType "team-swiss"]
[EventRounds "7"]
[EventCountry "ITA"]
[SourceTitle "CBM 110"]
[Source "ChessBase"]
[SourceDate "2006.01.31"]
[SourceVersion "1"]
[SourceVersionDate "2006.01.31"]
[SourceQuality "1"]
[WhiteTeam "Biel"]
[BlackTeam "Berlin SF"]
[WhiteTeamCountry "SUI"]
[BlackTeamCountry "GER"]

1. d4 Nf6 2. Nf3 g6 3. Bg5 Bg7 4. Nbd2 0-0 5. c3 d6 6. e4 c5 7. dxc5 dxc5 8. Bc4 Nc6 9. 0-0 Qc7 10. Re1 Rd8 11. Qc2 h6 12. Bh4 1/2-1/2

[Event "Neuchatel op"]
[Site "Neuchatel"]
[Date "2005.08.??"]
[Round "4"]
[White "Kaenel, Hansjuerg"]
[Black "Leuba, Didier"]
[Result "1/2-1/2"]
[WhiteElo "2381"]
[BlackElo "2274"]
[PlyCount "33"]
[EventDate "2005.??.??"]
[EventType "swiss"]
[EventRounds "7"]
[EventCountry "SUI"]
[SourceTitle "EXT 2006"]
[Source "ChessBase"]
[SourceDate "2005.11.24"]
[SourceVersion "1"]
[SourceVersionDate "2005.11.24"]
[SourceQuality "1"]

1. Nf3 Nf6 2. e3 e6 3. b3 b6 4. Bb2 Bb7 5. c4 c5 6. Be2 Be7 7. 0-0 0-0 8. d4 cxd4 9. Nxd4 a6 10. Nc3 d6 11. Rc1 Nbd7 12. Bf3 Qc7 13. Qe2 Rac8 14. Bxb7 Qxb7 15. e4 Nc5 16. Rfe1 Rfd8 17. Nf3 1/2-1/2

[Event "SUI-chT"]
[Site "Switzerland"]
[Date "2005.04.17"]
[Round "3.8"]
[White "Ferrari, Nicola"]
[Black "Leuba, Didier"]
[Result "1/2-1/2"]
[WhiteElo "2128"]
[BlackElo "2257"]
[PlyCount "36"]
[EventDate "2005.02.27"]
[EventType "team-tourn"]
[EventRounds "9"]
[EventCountry "SUI"]
[SourceTitle "EXT 2006"]
[Source "ChessBase"]
[SourceDate "2005.11.24"]
[SourceVersion "1"]
[SourceVersionDate "2005.11.24"]
[SourceQuality "1"]
[WhiteTeam "Mendrisio"]
[BlackTeam "Biel"]
[WhiteTeamCountry "SUI"]
[BlackTeamCountry "SUI"]

1. e4 e6 2. d4 d5 3. exd5 exd5 4. Nf3 Nf6 5. Bg5 c6 6. Bd3 Bd6 7. 0-0 0-0 8. c3 Bg4 9. Nbd2 Nbd7 10. Qc2 Qc7 11. Rae1 Rae8 12. Bf5 Qb8 13. h3 Bxf5 14. Qxf5 Rxe1 15. Rxe1 Re8 16. Rxe8+ Qxe8 17. Bxf6 Nxf6 18. Ne5 Bxe5 1/2-1/2

[Event "SUI-chT"]
[Site "Switzerland"]
[Date "2004.09.05"]
[Round "7.8"]
[White "Leuba, Didier"]
[Black "Raeber, Markus"]
[Result "1-0"]
[WhiteElo "2268"]
[BlackElo "2215"]
[PlyCount "95"]
[EventDate "2004.02.29"]
[EventType "team-tourn"]
[EventRounds "9"]
[EventCountry "SUI"]
[SourceTitle "EXT 2005"]
[Source "ChessBase"]
[SourceDate "2004.11.15"]
[SourceVersion "1"]
[SourceVersionDate "2004.11.15"]
[SourceQuality "1"]
[WhiteTeam "Biel"]
[BlackTeam "Luzern"]
[WhiteTeamCountry "SUI"]
[BlackTeamCountry "SUI"]

1. d4 d5 2. Nf3 Nf6 3. Bf4 c5 4. e3 Nc6 5. c3 Qb6 6. Qb3 c4 7. Qxb6 axb6 8. Nbd2 b5 9. Be2 b4 10. 0-0 Bf5 11. cxb4 Nxb4 12. a3 Nd3 13. Bxd3 Bxd3 14. Rfc1 Nd7 15. Ne1 Bg6 16. e4 e6 17. exd5 exd5 18. Nc2 Nf6 19. Ne3 Be7 20. Nb1 0-0 21. Nc3 Rfd8 22. Be5 Kf8 23. g4 Ra6 24. g5 Ne4 25. Ncxd5 Bxg5 26. f4 Bh4 27. f5 Bh5 28. Rxc4 Nd2 29. Rc2 Nf3+ 30. Kf1 f6 31. Bc7 Re8 32. Rd1 Bg5 33. Bf4 Ra5 34. Rc5 Ra4 35. Bxg5 Nxh2+ 36. Kg2 Bxd1 37. Bf4 Ng4 38. Nxd1 Rxd4 39. N1c3 g5 40. Bd6+ Kg8 41. Be7 Kf7 42. Bxf6 Ne3+ 43. Nxe3 Kxf6 44. Ncd5+ Ke5 45. Rb5 Rf8 46. Kf3 g4+ 47. Nxg4+ Kxf5 48. Nf4+ 1-0

[Event "SUI-chT"]
[Site "Switzerland"]
[Date "2004.09.04"]
[Round "6.7"]
[White "Leuba, Didier"]
[Black "Gast, Jonathan"]
[Result "1/2-1/2"]
[WhiteElo "2162"]
[BlackElo "2243"]
[PlyCount "48"]
[EventDate "2004.02.29"]
[EventType "team-tourn"]
[EventRounds "9"]
[EventCountry "SUI"]
[SourceTitle "EXT 2005"]
[Source "ChessBase"]
[SourceDate "2004.11.15"]
[SourceVersion "1"]
[SourceVersionDate "2004.11.15"]
[SourceQuality "1"]
[WhiteTeam "Biel"]
[BlackTeam "Bern"]
[WhiteTeamCountry "SUI"]
[BlackTeamCountry "SUI"]

1. d4 Nf6 2. Nf3 e6 3. Bg5 d5 4. Nbd2 Be7 5. e3 0-0 6. Bd3 b6 7. 0-0 c5 8. c3 Ba6 9. Bxa6 Nxa6 10. Qa4 Nb8 11. c4 Qe8 12. Qxe8 Rxe8 13. dxc5 bxc5 14. Rac1 Nbd7 15. Nb3 Rab8 16. Bxf6 Nxf6 17. Ne5 Rec8 18. Rc2 Bd6 19. Nd3 dxc4 20. Rxc4 Nd7 21. Nd2 Nb6 22. Rc2 c4 23. Nc1 Be5 24. Ne2 Na4 1/2-1/2

[Event "Neuchatel op"]
[Site "Neuchatel"]
[Date "2004.05.27"]
[Round "7"]
[White "Leuba, Didier"]
[Black "Kaenel, Hansjuerg"]
[Result "1/2-1/2"]
[WhiteElo "2280"]
[BlackElo "2382"]
[PlyCount "38"]
[EventDate "2004.05.27"]
[EventType "swiss"]
[EventRounds "7"]
[EventCountry "SUI"]
[SourceTitle "CBM 100 Extra"]
[Source "ChessBase"]
[SourceDate "2004.07.06"]
[SourceVersion "2"]
[SourceVersionDate "2004.07.06"]
[SourceQuality "1"]

1. d4 d5 2. Nf3 c6 3. c3 Bf5 4. Bf4 e6 5. Nbd2 Nf6 6. e3 Nbd7 7. h3 Ne4 8. Be2 Be7 9. Qb3 Qb6 10. 0-0 0-0 11. Nxe4 Bxe4 12. Nd2 Bg6 13. Bf3 a5 14. Rfc1 a4 15. Qxb6 Nxb6 16. Be2 Rfc8 17. c4 Bb4 18. Nf3 Nxc4 19. Bxc4 dxc4 1/2-1/2

[Event "SUI-chT"]
[Site "Switzerland"]
[Date "2003.09.07"]
[Round "7.5"]
[White "Leuba, Didier"]
[Black "Kuehn, Peter"]
[Result "1/2-1/2"]
[WhiteElo "2242"]
[BlackElo "2385"]
[PlyCount "142"]
[EventDate "2003.03.23"]
[EventType "team-tourn"]
[EventRounds "9"]
[EventCountry "SUI"]
[SourceTitle "EXT 2004"]
[Source "ChessBase"]
[SourceDate "2003.11.25"]
[SourceVersion "1"]
[SourceVersionDate "2003.11.25"]
[SourceQuality "1"]
[WhiteTeam "Biel"]
[BlackTeam "Reichenstein"]
[WhiteTeamCountry "SUI"]
[BlackTeamCountry "SUI"]

1. d4 Nf6 2. Nf3 g6 3. Bg5 Bg7 4. Nbd2 d5 5. e3 0-0 6. Be2 c5 7. 0-0 Qb6 8. Qc1 Nc6 9. c3 Bf5 10. dxc5 Qxc5 11. Nd4 Bd7 12. Bf3 Ne5 13. Bxf6 Nxf3+ 14. N2xf3 Bxf6 15. Rd1 Rfd8 16. Qd2 Qb6 17. a4 e5 18. a5 Qc7 19. Nc2 Bg4 20. h3 Bxf3 21. gxf3 Be7 22. Qe2 a6 23. Kg2 Kg7 24. Ra4 Qc6 25. Rda1 Rac8 26. Nb4 Qb5 27. Qxb5 axb5 28. R4a3 Bxb4 29. cxb4 Rc4 30. Rb3 Rd6 31. Rd1 Kf6 32. Rc3 Ke6 33. Rxc4 bxc4 34. Ra1 d4 35. b5 Kd5 36. a6 bxa6 37. bxa6 Rd8 38. Kf1 Kc5 39. a7 Ra8 40. Ke2 Kb6 41. Ra4 Kb5 42. Ra1 Kb4 43. Kd2 Kb3 44. Kc1 f5 45. exd4 exd4 46. Ra3+ Kb4 47. Ra6 Kb5 48. Ra3 Kb6 49. Ra4 Rxa7 50. Rxc4 Ra1+ 51. Kd2 Rh1 52. Rxd4 Rxh3 53. Ke3 Kc6 54. Ra4 Kd5 55. Ra7 g5 56. Ra5+ Ke6 57. Ra6+ Ke5 58. Ra5+ Kf6 59. Ra6+ Kf7 60. Ra7+ Kg6 61. Ra6+ Kh5 62. Ra5 f4+ 63. Ke2 Kh4 64. Ra1 h5 65. b4 g4 66. fxg4 hxg4 67. Rb1 Rh2 68. b5 g3 69. b6 gxf2 70. Rb3 f3+ 71. Rxf3 f1Q+ 1/2-1/2

[Event "SUI-chT"]
[Site "Switzerland"]
[Date "2001.05.06"]
[Round "3.7"]
[White "Loetscher, Roland"]
[Black "Leuba, Didier"]
[Result "1-0"]
[WhiteElo "2268"]
[BlackElo "2212"]
[PlyCount "147"]
[EventDate "2001.03.04"]
[EventType "team-tourn"]
[EventRounds "9"]
[EventCountry "SUI"]
[SourceTitle "EXT 2002"]
[Source "ChessBase"]
[SourceDate "2001.11.25"]
[SourceVersion "1"]
[SourceVersionDate "2001.11.25"]
[SourceQuality "1"]
[WhiteTeam "Luzern"]
[BlackTeam "Biel"]
[WhiteTeamCountry "SUI"]
[BlackTeamCountry "SUI"]

1. d4 Nf6 2. c4 e6 3. g3 d5 4. Bg2 dxc4 5. Nf3 Nc6 6. Qa4 Bb4+ 7. Bd2 Bxd2+ 8. Nbxd2 0-0 9. Qxc4 Qd5 10. 0-0 Rd8 11. e3 Qxc4 12. Nxc4 Nd5 13. Rfc1 Bd7 14. Nfe5 Nxe5 15. Nxe5 f6 16. Nd3 Bc6 17. Bxd5 exd5 18. Nb4 Rd6 19. Nxc6 bxc6 20. Rc5 Rb8 21. b3 Rb6 22. Ra5 a6 23. Rc1 Kf7 24. Rcc5 Ke6 25. Ra4 Rd8 26. Rca5 Ra8 27. Kg2 Kd7 28. Kf3 Kc8 29. e4 dxe4+ 30. Kxe4 Kb7 31. Rh5 Re8+ 32. Kf3 h6 33. Rc5 Rb5 34. Rac4 Rxc5 35. Rxc5 Kb6 36. h4 Rd8 37. Ke4 Re8+ 38. Kd3 Rd8 39. h5 Rd5 40. Kc4 Rd7 41. g4 Re7 42. Kd3 Re1 43. f3 a5 44. Kd2 Re7 45. a3 Re8 46. Rc3 Re7 47. Rc2 Re6 48. Kd3 Kb5 49. Rc5+ Kb6 50. Rf5 Re1 51. Rc5 Re7 52. a4 Re1 53. Rc3 Re8 54. Kc4 Re1 55. b4 Ra1 56. bxa5+ Kxa5 57. Kc5 Rxa4 58. Re3 Ra1 59. Kxc6 Rc1+ 60. Kd5 c6+ 61. Kd6 Kb5 62. Re7 Rf1 63. d5 cxd5 64. Kxd5 Rd1+ 65. Ke6 Rf1 66. Rxg7 Rxf3 67. Rg6 Rf4 68. Rxh6 Rxg4 69. Rxf6 Rh4 70. h6 Kc6 71. Kf7+ Kd5 72. Kg7 Ke5 73. Rg6 Kf5 74. h7 1-0

[Event "SUI-chT"]
[Site "Switzerland"]
[Date "2000.??.??"]
[Round "?"]
[White "Gierth, Hans Joachim"]
[Black "Leuba, Didier"]
[Result "1/2-1/2"]
[WhiteElo "2249"]
[BlackElo "2281"]
[PlyCount "30"]
[EventDate "2000.02.??"]
[EventType "team-tourn"]
[EventRounds "9"]
[EventCountry "SUI"]
[SourceTitle "EXT 2001"]
[Source "ChessBase"]
[SourceDate "2000.11.22"]
[SourceVersion "1"]
[SourceVersionDate "2000.11.22"]
[SourceQuality "1"]

1. d4 Nf6 2. Bf4 e6 3. e3 Be7 4. Bd3 c5 5. c3 b6 6. h3 0-0 7. Nf3 Ba6 8. 0-0 cxd4 9. exd4 Qc8 10. a4 Bxd3 11. Qxd3 Qa6 12. Qxa6 Nxa6 13. Na3 Nb8 14. a5 Nd5 15. axb6 axb6 1/2-1/2

[Event "SUI-chT"]
[Site "Switzerland"]
[Date "1999.??.??"]
[Round "8.8"]
[White "Kuemin, Simon"]
[Black "Leuba, Didier"]
[Result "1/2-1/2"]
[WhiteElo "2197"]
[BlackElo "2280"]
[PlyCount "59"]
[EventDate "1999.01.??"]
[EventType "team-tourn"]
[EventRounds "9"]
[EventCountry "SUI"]
[SourceTitle "EXT 2001"]
[Source "ChessBase"]
[SourceDate "2000.11.22"]
[SourceVersion "1"]
[SourceVersionDate "2000.11.22"]
[SourceQuality "1"]

1. d4 Nf6 2. c4 e6 3. Nc3 Bb4 4. g3 0-0 5. Bg2 Bxc3+ 6. bxc3 Nc6 7. Nf3 d6 8. 0-0 e5 9. d5 Ne7 10. Nh4 Ng6 11. Nxg6 fxg6 12. e4 Qe7 13. Qd3 b6 14. f4 Nd7 15. Be3 Ba6 16. Bh3 Rae8 17. Be6+ Kh8 18. f5 gxf5 19. exf5 Nc5 20. Qe2 Nxe6 21. fxe6 h6 22. Qg4 Rxf1+ 23. Rxf1 Rf8 24. Rxf8+ Qxf8 25. Qg6 Kg8 26. Qg4 Qf6 27. Bxh6 Qxh6 28. e7 Kf7 29. Qd7 Qe3+ 30. Kg2 1/2-1/2

[Event "SUI-chT"]
[Site "Switzerland"]
[Date "1999.??.??"]
[Round "6.7"]
[White "Vezzosi, Paolo"]
[Black "Leuba, Didier"]
[Result "1/2-1/2"]
[WhiteElo "2339"]
[BlackElo "2280"]
[PlyCount "32"]
[EventDate "1999.01.??"]
[EventType "team-tourn"]
[EventRounds "9"]
[EventCountry "SUI"]
[SourceTitle "EXT 2001"]
[Source "ChessBase"]
[SourceDate "2000.11.22"]
[SourceVersion "1"]
[SourceVersionDate "2000.11.22"]
[SourceQuality "1"]

1. Nf3 Nf6 2. c4 e6 3. b3 b6 4. g3 Bb7 5. Bg2 Be7 6. Bb2 c5 7. 0-0 0-0 8. Nc3 d6 9. d4 cxd4 10. Qxd4 Nbd7 11. Rad1 a6 12. Nh4 Bxg2 13. Nxg2 b5 14. Ne3 bxc4 15. bxc4 Qb6 16. Ba3 Nc5 1/2-1/2

[Event "SUI-chT"]
[Site "Switzerland"]
[Date "1998.11.07"]
[Round "8.5"]
[White "Erismann, Peter"]
[Black "Leuba, Didier"]
[Result "0-1"]
[WhiteElo "2245"]
[BlackElo "2280"]
[PlyCount "74"]
[EventDate "1998.03.29"]
[EventType "team-tourn"]
[EventRounds "9"]
[EventCountry "SUI"]
[SourceTitle "EXT 2006"]
[Source "ChessBase"]
[SourceDate "2005.11.24"]
[SourceVersion "1"]
[SourceVersionDate "2005.11.24"]
[SourceQuality "1"]

1. e4 e6 2. d4 d5 3. Nd2 Be7 4. Ngf3 Nf6 5. Bd3 c5 6. exd5 exd5 7. dxc5 0-0 8. 0-0 Bxc5 9. Nb3 Bb6 10. Bg5 Bg4 11. c3 Nbd7 12. h3 Bh5 13. Bf5 Re8 14. g4 Bg6 15. Nbd4 Qc7 16. Qc1 Qc4 17. Bf4 Rad8 18. Qc2 Ne4 19. Qb3 Qc5 20. Qb5 Bxf5 21. Qxc5 Ndxc5 22. gxf5 Nd3 23. Bc1 Rd6 24. Rb1 g6 25. Be3 gxf5 26. Rfd1 Rg6+ 27. Kf1 Ng3+ 28. fxg3 Rxe3 29. Nh4 Rf6 30. Ndxf5 Rxg3 31. Ke2 Nf4+ 32. Kd2 Rxh3 33. Rf1 Rh2+ 34. Kd1 Nh5 35. Ne7+ Kf8 36. Nhf5 Ng7 37. Ke1 Bc5 0-1

[Event "SUI-chT"]
[Site "Switzerland"]
[Date "1998.04.26"]
[Round "2.7"]
[White "Malachowski, Margrit"]
[Black "Leuba, Didier"]
[Result "1/2-1/2"]
[WhiteElo "2190"]
[BlackElo "2280"]
[PlyCount "43"]
[EventDate "1998.03.29"]
[EventType "team-tourn"]
[EventRounds "9"]
[EventCountry "SUI"]
[SourceTitle "EXT 2006"]
[Source "ChessBase"]
[SourceDate "2005.11.24"]
[SourceVersion "1"]
[SourceVersionDate "2005.11.24"]
[SourceQuality "1"]

1. e4 e6 2. d4 d5 3. Nd2 Be7 4. Ngf3 Nf6 5. e5 Nfd7 6. Bd3 c5 7. c3 Nc6 8. 0-0 Qb6 9. dxc5 Qc7 10. Re1 Ncxe5 11. Bb5 Nxf3+ 12. Nxf3 Qxc5 13. Bxd7+ Bxd7 14. Ne5 Rd8 15. Qg4 0-0 16. Be3 Qc7 17. Bd4 f5 18. Qe2 Bc8 19. Qb5 Bd6 20. f4 b6 21. b4 Rfe8 22. Re3 1/2-1/2

[Event "Neuchatel op"]
[Site "Neuchatel"]
[Date "1998.??.??"]
[Round "6"]
[White "Eschmann, Patrick"]
[Black "Leuba, Didier"]
[Result "0-1"]
[WhiteElo "2005"]
[BlackElo "2220"]
[PlyCount "56"]
[EventDate "1998.05.??"]
[EventType "swiss"]
[EventRounds "7"]
[EventCountry "SUI"]
[SourceTitle "EXT 2007"]
[Source "ChessBase"]
[SourceDate "2006.11.23"]
[SourceVersion "1"]
[SourceVersionDate "2006.11.23"]
[SourceQuality "1"]

1. d4 Nf6 2. c4 e6 3. Nf3 b6 4. e3 Bb7 5. Bd3 Be7 6. Nbd2 d5 7. 0-0 0-0 8. b3 Nbd7 9. Bb2 c5 10. Rc1 Rc8 11. Qe2 Rc7 12. Rfd1 Qa8 13. Nf1 Rfc8 14. Ng3 cxd4 15. Nxd4 dxc4 16. Rxc4 Rxc4 17. Bxc4 Bxg2 18. f3 Bh3 19. Qf2 Rxc4 20. bxc4 Ne5 21. Qe2 Bc5 22. Bc3 h5 23. e4 h4 24. Kf2 Nxf3 25. Qxf3 Bg4 26. Qxf6 hxg3+ 27. Kxg3 gxf6 28. Kxg4 Qxe4+ 0-1

[Event "SUI-chT"]
[Site "Switzerland"]
[Date "1994.??.??"]
[Round "7"]
[White "Leuba, Didier"]
[Black "Schild, Christophe"]
[Result "1-0"]
[WhiteElo "2265"]
[BlackElo "1985"]
[PlyCount "80"]
[EventDate "1994.??.??"]
[EventType "team-tourn"]
[EventRounds "9"]
[EventCountry "SUI"]
[SourceTitle "EXT 2000"]
[Source "ChessBase"]
[SourceDate "1999.11.16"]
[SourceVersion "1"]
[SourceVersionDate "1999.11.16"]
[SourceQuality "1"]

1. d4 Nf6 2. Nf3 d5 3. Bg5 c6 4. e3 Qb6 5. Qc1 Bf5 6. Nbd2 Nbd7 7. Be2 e6 8. 0-0 Be7 9. c4 0-0 10. h3 Rac8 11. c5 Qd8 12. Bf4 Ne4 13. b4 Nxd2 14. Qxd2 Bf6 15. Bd6 Re8 16. b5 Nb8 17. Ne5 Bxe5 18. dxe5 Qg5 19. Kh2 h5 20. a4 f6 21. Qd4 Be4 22. f3 Bf5 23. g4 hxg4 24. fxg4 fxe5 25. Qxe5 Nd7 26. Qf4 Qxf4+ 27. Rxf4 Be4 28. bxc6 bxc6 29. Ba6 Rcd8 30. Rf2 Nb8 31. Bb7 Rd7 32. Rb2 Rf7 33. Ba8 Nd7 34. Bxc6 Rc8 35. Bb7 Re8 36. a5 Nb8 37. c6 d4 38. c7 Bxb7 39. cxb8Q Rxb8 40. Bxb8 dxe3 1-0

[Event "SUI-chT"]
[Site "Switzerland"]
[Date "1994.??.??"]
[Round "9"]
[White "Leuba, Didier"]
[Black "Valencak, Stanislav"]
[Result "1/2-1/2"]
[WhiteElo "2265"]
[BlackElo "2065"]
[PlyCount "120"]
[EventDate "1994.??.??"]
[EventType "team-tourn"]
[EventRounds "9"]
[EventCountry "SUI"]
[SourceTitle "EXT 2000"]
[Source "ChessBase"]
[SourceDate "1999.11.16"]
[SourceVersion "1"]
[SourceVersionDate "1999.11.16"]
[SourceQuality "1"]

1. d4 Nf6 2. Nf3 d5 3. Bg5 g6 4. e3 Bg7 5. Nbd2 0-0 6. Be2 Nbd7 7. 0-0 c5 8. c3 b6 9. h3 Bb7 10. b4 c4 11. Qc2 Rc8 12. b5 Re8 13. Rfd1 a6 14. bxa6 Bc6 15. Bf4 Ra8 16. Ne5 Nxe5 17. Bxe5 Rxa6 18. Rab1 Qd7 19. Bf3 Rea8 20. Rb2 b5 21. Kh2 Qa7 22. g3 Nd7 23. Bxg7 Kxg7 24. e4 e6 25. exd5 exd5 26. Nf1 Ra3 27. Ne3 Nf6 28. Qd2 Qa5 29. Rc2 Qc7 30. Nf5+ Kh8 31. Qg5 Qd8 32. Ne3 Ne4 33. Qxd8+ Rxd8 34. Bxe4 dxe4 35. d5 Bd7 36. Rd4 f5 37. h4 Rda8 38. Rdd2 Kg7 39. d6 R8a6 40. Ng2 h6 41. Ne3 Kf8 42. Kg1 Ke8 43. Ng2 g5 44. hxg5 hxg5 45. Ne3 Kd8 46. Rd5 f4 47. Nf5 Rxa2 48. Rxa2 Rxa2 49. Nd4 Ra1+ 50. Kh2 fxg3+ 51. Kxg3 Ra3 52. Rxg5 Rxc3+ 53. Kf4 Rd3 54. Kxe4 Rd2 55. Rg8+ Be8 56. Nxb5 Rxf2 57. Kd5 Kd7 58. Rg7+ Bf7+ 59. Kd4 Kc6 60. Na3 Kxd6 1/2-1/2

[Event "SUI-chT"]
[Site "Switzerland"]
[Date "1994.??.??"]
[Round "4"]
[White "Von Allmen, Alain"]
[Black "Leuba, Didier"]
[Result "0-1"]
[WhiteElo "2160"]
[BlackElo "2265"]
[PlyCount "76"]
[EventDate "1994.??.??"]
[EventType "team-tourn"]
[EventRounds "9"]
[EventCountry "SUI"]
[SourceTitle "EXT 2000"]
[Source "ChessBase"]
[SourceDate "1999.11.16"]
[SourceVersion "1"]
[SourceVersionDate "1999.11.16"]
[SourceQuality "1"]

1. d4 e6 2. Nf3 Nf6 3. g3 b6 4. Bg2 Bb7 5. 0-0 c5 6. c4 cxd4 7. Qxd4 d6 8. Nc3 Be7 9. b3 Nbd7 10. Rd1 a6 11. Bb2 0-0 12. Ng5 Bxg2 13. Kxg2 Qc7 14. Nge4 Rfd8 15. Kg1 Nc5 16. Rac1 h6 17. b4 Ncxe4 18. Nxe4 Qb7 19. Nc3 b5 20. cxb5 axb5 21. a3 d5 22. Qd3 Rab8 23. Nb1 Ne4 24. Nd2 Nd6 25. Be5 Ra8 26. Bxd6 Rxd6 27. Rc3 Rc6 28. Rxc6 Qxc6 29. Nf3 Bf6 30. Rb1 Qc4 31. Qe3 Qa2 32. Rb3 Bb2 33. Qd3 Rc8 34. Nd2 Bf6 35. Kg2 Rc2 36. Nb1 Rxe2 37. Qf3 Bd4 38. Nc3 Rxf2+ 0-1

[Event "Neuchatel op"]
[Site "Neuchatel"]
[Date "1993.05.??"]
[Round "?"]
[White "Cebalo, Miso"]
[Black "Leuba, Didier"]
[Result "1-0"]
[WhiteElo "2485"]
[BlackElo "2260"]
[PlyCount "69"]
[EventDate "1993.05.??"]
[EventType "swiss"]
[EventRounds "7"]
[EventCountry "SUI"]
[SourceTitle "EXT 2007"]
[Source "ChessBase"]
[SourceDate "2006.11.23"]
[SourceVersion "1"]
[SourceVersionDate "2006.11.23"]
[SourceQuality "1"]

1. d4 Nf6 2. Nf3 e6 3. c4 b6 4. a3 Bb7 5. Nc3 d5 6. cxd5 Nxd5 7. Qc2 Nxc3 8. Qxc3 Bd6 9. Bg5 f6 10. Bh4 Nd7 11. e3 Qe7 12. Bg3 Rc8 13. Rd1 0-0 14. Bd3 Rfd8 15. b4 a5 16. bxa5 Bxa3 17. 0-0 Nf8 18. a6 Ba8 19. Rb1 Bd6 20. Rfc1 Bxg3 21. hxg3 Nd7 22. Nd2 c5 23. Bb5 Bc6 24. Bxc6 Rxc6 25. Ra1 Ra8 26. Qb3 Nb8 27. Qb5 Qd7 28. Nc4 cxd4 29. exd4 Qd5 30. Qxb6 Nd7 31. Qb7 Rxc4 32. Qxa8+ Qxa8 33. Rxc4 Qa7 34. Rb4 Nb6 35. Rxb6 1-0